|
|
|
|
| LEADER |
00000cam a2200000 a 4500 |
| 001 |
vtls001486082 |
| 003 |
SK-MaSNL |
| 005 |
20260311143827.0 |
| 008 |
240226q1923 xr 000 0 cze |
| 015 |
|
|
|a SNBA1923
|
| 020 |
|
|
|q (viaz.)
|
| 035 |
|
|
|a SNK000441375
|
| 035 |
|
|
|a urn:nbn:sk:snk-am3ho0u
|
| 035 |
|
|
|a 452975F4-820D-44CB-916A-44DEC60124A9
|
| 035 |
|
|
|a urn:nbn:sk:snk-am00cvob
|
| 040 |
|
|
|a SNK
|b slo
|c SNK
|e AACR2
|
| 041 |
0 |
|
|a cze
|
| 044 |
|
|
|a xr
|c CZ
|
| 080 |
|
|
|a 94(437)"19"
|2 1981
|
| 100 |
1 |
|
|a Klofáč, Václav Jaroslav,
|d 1868-1942
|4 aut
|9 69952
|
| 245 |
1 |
|
|a Odkaz naší revoluce
|b třináctá přednáška cyklu "Československá Revoluce" : proslovena 26. dubna 1923
|c V.J. Klofáč
|
| 250 |
|
|
|a 1. vyd.
|
| 260 |
|
|
|a V Praze
|b Památník odboje
|c 1923
|
| 300 |
|
|
|a 37 s.
|
| 490 |
1 |
|
|a Československá revoluce
|v 13
|
| 490 |
1 |
|
|a Československá revoluce (Památník odboje)
|
| 650 |
0 |
7 |
|a prvá svetová vojna (1914-1918)
|2 SNKPH
|9 162650
|
| 650 |
0 |
7 |
|a zahraničný odboj
|2 SNKPH
|9 54986
|
| 650 |
0 |
7 |
|a rozpad Rakúsko-Uhorska (1918)
|2 SNKPH
|9 178145
|
| 650 |
0 |
7 |
|a vznik Československa (1918)
|2 SNKPH
|9 134041
|
| 651 |
|
7 |
|a Československo
|2 SNKPHgeo
|9 21376
|
| 655 |
|
7 |
|a štúdie
|2 SNKPH
|9 57033
|
| 655 |
|
7 |
|a prednášky
|2 SNKPH
|9 70554
|
| 752 |
|
|
|a Česko
|d Praha
|
| 830 |
|
0 |
|a Československá revoluce
|9 533246
|
| 958 |
|
|
|a ONDV
|
| 999 |
|
|
|c 1075898
|d 1077828
|
| 952 |
|
|
|a SNK
|b SNK
|y PREZ
|7 0
|p 17A0545152
|o snkSD 4467/13
|i snk246/40
|0 0
|1 0
|4 0
|d 2007-04-27
|f 1
|l 0
|r 2025-11-10 00:00:00
|w 2026-02-24
|
| 952 |
|
|
|t P60, <04>, [BOOK], {604}
|a SNK
|b SNK
|y VYP
|7 0
|p 17A0452742
|o snkSD 4467/13 D1
|i snkVI. 2040/55
|0 0
|1 0
|4 0
|d 2004-11-26
|l 0
|r 2005-01-02 00:00:00
|w 2026-02-24
|
| 952 |
|
|
|a SNK
|b SNK
|y VYP
|7 0
|p 17A1125408
|o snkSD 4467/13 D2
|i snk2017/7981
|8 1
|0 0
|1 0
|4 0
|d 2017-03-31
|l 0
|r 2026-02-24 16:09:21
|w 2026-02-24
|